ARRUPE JESUIT UNIVERSITY

CORONAVIRUS -STOP THE SPREAD - CLEAN,DISINFECT,COVER

Management consulting : (Record no. 128400)

MARC details
000 -LEADER
fixed length control field 00904nam a2200265 a 4500
001 - CONTROL NUMBER
control field 4956997
003 - CONTROL NUMBER IDENTIFIER
control field ARRUPE
005 - DATE AND TIME OF LATEST TRANSACTION
control field 20181016143956.0
008 - FIXED-LENGTH DATA ELEMENTS--GENERAL INFORMATION
fixed length control field 961030s1996 sw a b i001 0 eng
010 ## - LIBRARY OF CONGRESS CONTROL NUMBER
LC control number 96215012
020 ## - INTERNATIONAL STANDARD BOOK NUMBER
International Standard Book Number 9221094499
040 ## - CATALOGING SOURCE
Original cataloging agency DLC
Transcribing agency DLC
Modifying agency DLC
050 00 - LIBRARY OF CONGRESS CALL NUMBER
Classification number HD69.C6
Item number K82 1996
082 00 - DEWEY DECIMAL CLASSIFICATION NUMBER
Classification number 001/.023/73
Edition number 21
300 ## - PHYSICAL DESCRIPTION
Other physical details ill. ;
Dimensions 25 cm.
245 00 - TITLE STATEMENT
Title Management consulting :
Remainder of title a guide to the profession /
Statement of responsibility, etc edited by Milan Kubr.
250 ## - EDITION STATEMENT
Edition statement 3d (rev.) ed.
260 ## - PUBLICATION, DISTRIBUTION, ETC. (IMPRINT)
Place of publication, distribution, etc Geneva :
Name of publisher, distributor, etc International Labour Office,
Date of publication, distribution, etc 1996.
300 ## - PHYSICAL DESCRIPTION
Extent xxi, 850 p. :
504 ## - BIBLIOGRAPHY, ETC. NOTE
Bibliography, etc Includes bibliographical references (p. 809-839) and index.
650 #0 - SUBJECT ADDED ENTRY--TOPICAL TERM
Topical term or geographic name as entry element Business consultants.
Geographic subdivision Europe, Eastern
9 (RLIN) 42973
650 #0 - SUBJECT ADDED ENTRY--TOPICAL TERM
Topical term or geographic name as entry element Industrial management
Geographic subdivision Europe, Eastern
9 (RLIN) 42974
700 1# - ADDED ENTRY--PERSONAL NAME
Personal name Kubr, Milan.
9 (RLIN) 42975
906 ## - LOCAL DATA ELEMENT F, LDF (RLIN)
a 7
b cbc
c orignew
d 2
e ncip
f 19
g y-gencatlg
942 ## - ADDED ENTRY ELEMENTS (KOHA)
Source of classification or shelving scheme Library of Congress Classification
Koha item type Monograph ( Printed materials)
Holdings
Withdrawn status Lost status Source of classification or shelving scheme Damaged status Not for loan Collection code Home library Current library Shelving location Date acquired Total Checkouts Full call number Barcode Date last seen Price effective from Koha item type
    Library of Congress Classification     Main Collection ARRUPE LIBRARY ARRUPE LIBRARY Main Collection 16/10/2018   HD69.C6 K82 1996 46600002954 16/10/2018 16/10/2018 Monograph ( Printed materials)

 

Arrupe Library. PO Box MP320 Mt Pleasant, Harare, Zimbabwe
263 242 745411|librarian@aju.ac.zw